header

Medicine meets virtual reality 14 (Record no. 181203)

MARC details
000 -LEADER
fixed length control field 01468nam a22003374a 4500
245 10 - TITLE STATEMENT
Title Medicine meets virtual reality 14
260 ## - PUBLICATION, DISTRIBUTION, ETC. (IMPRINT)
Place of publication Amsterdam :
Name of publisher IOS Press,
Year of publication 2006.
300 ## - PHYSICAL DESCRIPTION
Number of Pages xx, 600 p. :
Other physical details ill.
490 1# - SERIES STATEMENT
Series statement Studies in health technology and informatics ;
650 #0 - SUBJECT ADDED ENTRY--TOPICAL TERM
Topical Term Medical education
Topical Term Virtual reality in medicine
700 1# - ADDED ENTRY--PERSONAL NAME
Personal name Westwood, James D.
856 40 - ELECTRONIC LOCATION AND ACCESS
Uniform Resource Identifier http://site.ebrary.com/lib/rucke/Doc?id=10130638

No items available.

© 2026 Rongo University
Contact us: librarian | system librarian | Rongo university